00341nam a2200133Ia 4500008004100000020001500041041001200056082001600068100001900084245006300103260002500166300000800191650000800199221030s9999 xx 000 0 und d a8120308077 aEnglish a105.23bGay aR. A. Gayakwad 0aOp - Amps & Linear Integrated Circuitscby R. A. Gayakwad bPHIaNew Delhic2000 a640 aECE